000 00668cam a22002173a 4500
001 40687
003 PGUSA
005 20140828083917.0
008 120906s2012||||xxu|||||s|||||000 | eng d
040 _aPGUSA
_beng
042 _adc
100 1 _aRamamohan Rao, Mahidhara,
_d1909-2000
245 1 0 _aకొల్లాయి గట్టితే నేమి?
_h[electronic resource] /
_cMahidhara Ramamohan Rao
260 _bProject Gutenberg,
_c2012
506 _aPublic domain in the USA.
516 _aElectronic text
740 0 _aKollayi Gattite Nemi?
830 0 _aProject Gutenberg
_v40687
856 4 0 _uhttp://www.gutenberg.org/ebooks/40687
942 _cEB
999 _c269939
_d269939